Szczegóły MARC21

Historia filozofii XX wieku : nurty. T. 2, Neokantyzm, filozofia egzystencji, filozofia dialogu /

003 -Nazwa inst., której nr kontr. jest w polu 001 [,]
    • @
    • Nazwa instytucji, której n kontrolny jest w polu 001
    • NUKAT
005 -DATA I CZAS OSTATNIEJ MODYFIKACJI [,]
    • @
    • pole kontrolne
    • 20241231085824.0
020 -Międzynarod. znormalizowany nr książki - ISBN [ , ]
    • a
    • Numer ISBN
    • 9788324009657 Find
040 -Instytucja sporządzająca opis [ , ]
    • a
    • Instytucja, która sporządziła opis (NP)
    • KR 295/BL
    • c
    • Instytucja, która sporządziła rekord (NP)
    • KR 295/BL
    • d
    • Instytucja, która zmodyfikowała rekord (P)
    • KR 295/DR
    • d
    • Instytucja, która zmodyfikowała rekord (P)
    • KR 295/JSs
    • d
    • Instytucja, która zmodyfikowała rekord (P)
    • KR 93/BZs
    • d
    • Instytucja, która zmodyfikowała rekord (P)
    • KR U/42MSs
942 -Rodzaj dokumentu [ , ]
    • c
    • Rodzaj dokumentu
    • Książka
100 -Hasło główne - nazwa osobowa [1, ]
    • a
    • Nazwa osobowa (NP)
    • Gadacz, Tadeusz
    • d
    • Daty biograficzne (NP)
    • (1955- ).
    • 9
    • KHW
    • 46994
245 -Strefa tytułu i oznaczenia odpowiedzialności [1,0]
    • a
    • Tytuł
    • Historia filozofii XX wieku : Find
    • b
    • Ciąg dalszy tytułu (NP)
    • nurty. Find
    • n
    • Oznaczenie części (P)
    • T. 2,
    • p
    • Nazwa części (P)
    • Neokantyzm, filozofia egzystencji, filozofia dialogu /
    • c
    • Pozostałe elementy strefy tytułu i oznaczenia odpowiedzialności (NP)
    • Tadeusz Gadacz.
246 -Wariant tytułu [3,0]
    • a
    • Tytuł (NP)
    • Neokantyzm, filozofia egzystencji, filozofia dialogu
246 -Wariant tytułu [3, ]
    • a
    • Tytuł (NP)
    • Historia filozofii dwudziestego wieku :
    • b
    • Ciąg dalszy tytułu (NP)
    • nurty
260 -Strefa adresu wydawniczego [ , ]
    • a
    • Miejsce wydania (P)
    • Kraków :
    • b
    • Nazwa wydawcy (P)
    • Wydawnictwo Znak,
    • c
    • Data wydania (P)
    • 2009.
300 -Strefa opisu fizycznego [ , ]
    • a
    • Określenie formy książki i/lub objętość (NP)
    • 706, [2] s. ;
    • c
    • Format (NP)
    • 25 cm +
    • e
    • Oznaczenie dokumentu towarzyszącego (NP)
    • 1 dysk optyczny (CD-ROM ; 12 cm).
336 -Typ zawartości [ , ]
    • a
    • Termin opisujący typ zawartości
    • Tekst
    • b
    • Kod określający zawartość
    • txt
    • 2
    • Źródło (terminu i kodu)
    • rdacontent
337 -Typ mediów [ , ]
    • a
    • Tryb odtwarzania
    • Bez urządzenia pośredniczącego
    • b
    • Kod typu mediów
    • n
    • 2
    • Źródło (terminu i kodu)
    • rdamedia
338 -Typ/rodzaj nośnika [ , ]
    • a
    • Hasło opisujące typ nośnika
    • Wolumin
    • b
    • Kod typu nośnika
    • nc
    • 2
    • Źródło (terminu i kodu)
    • rdacarrier
500 -Uwaga ogólna [ , ]
    • a
    • Uwaga ogólna (NP)
    • Dysk optyczny zawiera bibliografię.
504 -Uwaga dot. bibliogr. załącznikowej [ , ]
    • a
    • Uwaga dot. bibliografii załącznikowej
    • Bibliogr. s. 639-662. Indeksy.
080 -Uniwersalna Klasyfikacja Dziesiętna [ , ]
    • 2
    • Identyfikator wydania tablic
    • UDC-P058
    • a
    • Symbol klasyfikacji
    • 1(091)
    • b
    • Dopowiedzenie
    • Historia filozofii.
    • x
    • Poddział wspólny
    • "19"
    • b
    • Dopowiedzenie
    • Wiek XX.
650 -Hasło przedmiotowe [ ,7]
    • a
    • Hasło przedmiotowe
    • Filozofia
    • y
    • Określnik chronologiczny
    • 20 w.
    • 2
    • Źródło terminu
    • kaba
    • 9
    • KHW
    • 108712
650 -Hasło przedmiotowe [ ,7]
    • a
    • Hasło przedmiotowe
    • Neokantyzm.
    • 2
    • Źródło terminu
    • kaba
    • 9
    • KHW
    • 120999
650 -Hasło przedmiotowe [ ,7]
    • a
    • Hasło przedmiotowe
    • Egzystencjalizm.
    • 2
    • Źródło terminu
    • kaba
    • 9
    • KHW
    • 107358
650 -Hasło przedmiotowe [ ,7]
    • a
    • Hasło przedmiotowe
    • Dialog
    • x
    • Określnik rzeczowy
    • filozofia.
    • 2
    • Źródło terminu
    • kaba
    • 9
    • KHW
    • 366442
980 -Symbol UKD [ , ]
    • a
    • UKD
    • 1(091)"19"
710 -Hasło dodatkowe - nazwa ciała zbiorowego [2, ]
    • a
    • Nazwa ciała zbiorowego lub nazwa geograficzna jako pierwszy element (NP)
    • Społeczny Instytut Wydawniczy Znak.
    • 4
    • Kod relacji
    • pbl
    • 9
    • KHW
    • 53029
920 -ISBN [ , ]
    • a
    • ISBN
    • 978-83-240-0965-7 Find
Obwoluta Sygnatura Numer inwentarzowy Status udost. Data inwentaryzacji Lokalizacja Uwagi nie widoczne w OPAC
1 WM.10194-32009-09-22BG 
1 WM.10195-32009-09-22BG 
1 WM.10196-32009-09-22BG 
1Z.113419 Filoz.EtykaZ.11341912009-09-22BGpodr.filozofia etyka
1 H.1888512009-09-22BNS 
1SA.17814SA.1781412009-09-22BSA